| 000 | 00621nam a2200145Ia 4500 | ||
|---|---|---|---|
| 008 | 260210s9999 xx 000 0 und d | ||
| 024 | _a19B-090-SE, 19B-098-SE, 19B-117-SE, 19B-101-SE & 18B-110-SE | ||
| 100 | _aMuhammad Zohaib Khan, Saqib Sarfaraz, Muhammad Ahmed Raza, Muhammad Zeeshan & Hammad Khan | ||
| 110 | _aUmair Khan | ||
| 245 | 0 | _aSystem Logs and memory resident software | |
| 260 |
_aKarachi: _bUITU, _c2019 |
||
| 600 | _aSoftware engineering | ||
| 650 | _aBachelor of Engineering (BE) | ||
| 856 |
_uhttps://drive.google.com/file/d/1FYZ2zUpKXCncKYDCr3xTyU6ojaNkOBgV/view?usp=sharing _yClick here for PDF |
||
| 999 |
_c33483 _d33483 |
||